| 000 | 00563nam a2200229Ia 4500 | ||
|---|---|---|---|
| 008 | 170712s9999 xx 000 0 und d | ||
| 020 | _a9712712915 | ||
| 050 | _a899.21 | ||
| 050 | _bO656 2002 | ||
| 100 | _aOrdoñez, Victor M. | ||
| 245 | _aWith hearts aflame : | ||
| 245 | _ba historical novel / | ||
| 245 | _cby Victor M. Ordoñez. | ||
| 260 | _aPhilippines : | ||
| 260 | _bAnvil, | ||
| 260 | _c2002 | ||
| 300 | _a263 pages : | ||
| 300 | _billustrations ; | ||
| 300 | _c22cm. | ||
| 650 | _aHistorical fiction, Philippines. | ||
| 650 | _aTitle. | ||
| 999 |
_c340423 _d340423 |
||